| LEADER 00000nam 2200000uu 4500 |
| 001 13399115989 |
| 003 BCNR |
| 008 120417s2554||||th 000 0 tha d |
| 020 ^a9789744665256
|
| 041 0 ^atha
|
| 060 04 ^aWB105^bภ476 2554
|
| 245 00 ^aภาวะฉุกเฉินทางอายุรศาสตร์ =^bEmergency medicine /^cบรรณาธิการ, ณัฏฐิณี จรัสเจริญวิทยา ... [และคนอื่นๆ]
|
| 246 31 ^aEmergency medicine
|
| 250 ^aพิมพ์ครั้งที่ 1
|
| 260 ^aกรุงเทพฯ :^bกรุงเทพเวชสาร,^c2554
|
| 300 ^aก-ญ, 455 หน้า :^bภาพประกอบ, ตาราง ;^c26 ซม.
|
| 504 ^aมีบรรณานุกรมท้ายบทและดรรชนีท้ายเล่ม
|
| 650 2 ^aEmergency Medicine
|
| 650 7 ^aภาวะฉุกเฉิน
|
| 650 7 ^aภาวะฉุกเฉิน^xการแพทย์
|
| 650 7 ^aอายุรศาสตร์
|
| 650 7 ^aการวินิจฉัยโรค
|
| 700 0 ^aณัฏฐิณี จรัสเจริญวิทยา,^eบรรณาธิการ
|
| 700 0 ^aปิยนุช คงทิม,^eบรรณาธิการ
|
| 700 0 ^aพิมพ์ใจ อันทานนท์,^eบรรณาธิการ
|
| 700 0 ^aศานิต วิชานศวกุล,^eบรรณาธิการ
|
| 700 0 ^aอดิศว์ ทัศณรงค์,^eบรรณาธิการ
|
| 700 0 ^aพีระพงค์ กิติภาวงค์,^eบรรณาธิการ
|
| 710 2 ^a มหาวิทยาลัยธรรมศาสตร์. ^bคณะแพทยศาสตร์.^bภาควิชาอายุรศาสตร์
|
| 999 ^aบรรณารักษ์
|